000
00198 a2200097 4500
001
6445
100
_a
Huang, T C
245
_a
Engineering Mechanics
260
_a
_b
Welsley
_c
090
_c
5305
_d
5305
942
_a
NUST-CAE
_c
M
_c
31718
999
_c
241518
_d
241518